Held to account (Record no. 79399)
[ view plain ]
| 000 -LEADER | |
|---|---|
| fixed length control field | 01320cab a22002175a 4500 |
| 001 - CONTROL NUMBER | |
| control field | L140966 |
| 008 - FIXED-LENGTH DATA ELEMENTS--GENERAL INFORMATION | |
| fixed length control field | 071023e20071020xxk f 000 0 eng d |
| 035 ## - SYSTEM CONTROL NUMBER | |
| System control number | (Sirsi) u140966 |
| 041 0# - LANGUAGE CODE | |
| Language code of text/sound track or separate title | eng |
| 100 1# - MAIN ENTRY--PERSONAL NAME | |
| Personal name | Field, Duncan |
| 245 00 - TITLE STATEMENT | |
| Title | Held to account |
| 260 ## - PUBLICATION, DISTRIBUTION, ETC. | |
| Date of publication, distribution, etc. | 2007 |
| 490 #0 - SERIES STATEMENT | |
| Series statement | Estates Gazette |
| Volume/sequential designation | (0742) 20 October 2007, 288-289(2) |
| 520 ## - SUMMARY, ETC. | |
| Summary, etc. | Considers the Corporate Manslaughter and Corporate Homicide Act 2007, which will impose a duty to comply with health and safety legislation when it comes into force on 6 April 2008. Explains the offence of corporate manslaughter under current law and outlines the changes introduced by the 2007 Act, including the fact that the 2007 Act does not rely upon the successful prosecution of an individual for manslaughter before a case against an organisation can succeed. Notes that an offence will have been committed only if the organisation owed a relevant duty of care to the deceased, if the organisation committed a gross breach, and if senior management had been substantially involved in the breach. Also looks at the application of liability under the Act. |
| 590 ## - LOCAL NOTE (RLIN) | |
| Local note | KA |
| 650 24 - SUBJECT ADDED ENTRY--TOPICAL TERM | |
| Topical term or geographic name entry element | CORPORATE MANSLAUGHTER AND CORPORATE HOMICIDE ACT 2007 |
| 651 #4 - SUBJECT ADDED ENTRY--GEOGRAPHIC NAME | |
| Geographic name | United Kingdom |
| Chronological subdivision | |
| 690 ## - LOCAL SUBJECT ADDED ENTRY--TOPICAL TERM (OCLC, RLIN) | |
| Topical term or geographic name as entry element | Health and safety |
| 9 (RLIN) | 6244 |
| 700 1# - ADDED ENTRY--PERSONAL NAME | |
| Personal name | Peters, Emily |
| 942 ## - ADDED ENTRY ELEMENTS (KOHA) | |
| Suppress in OPAC | 0 |
| Withdrawn status | Lost status | Source of classification or shelving scheme | Damaged status | Not for loan | Home library | Current library | Shelving location | Date acquired | Total Checkouts | Full call number | Barcode | Date last seen | Copy number | Price effective from | Koha item type |
|---|---|---|---|---|---|---|---|---|---|---|---|---|---|---|---|
| Dewey Decimal Classification | London | London | Journal article | 23/10/2007 | L140966 | 140966-1001 | 06/08/2019 | 1 | 06/08/2019 | Journal article |